<?xml version="1.0" encoding="UTF-8"?>
<collection xmlns="http://www.loc.gov/MARC21/slim">
 <record>
  <leader>01716nam a2200205Ia 4500</leader>
  <controlfield tag="001">CTU_166373</controlfield>
  <controlfield tag="008">210402s9999    xx            000 0 und d</controlfield>
  <datafield tag="082" ind1=" " ind2=" ">
   <subfield code="a">363.61</subfield>
  </datafield>
  <datafield tag="082" ind1=" " ind2=" ">
   <subfield code="b">P857</subfield>
  </datafield>
  <datafield tag="245" ind1=" " ind2="0">
   <subfield code="a">Post-construction support and sustainability in community-managed rural water supply :</subfield>
  </datafield>
  <datafield tag="245" ind1=" " ind2="0">
   <subfield code="b">Case studies in Peru, Bolivia, and Ghana</subfield>
  </datafield>
  <datafield tag="245" ind1=" " ind2="0">
   <subfield code="c">World Bank - Neitherlands Water Partnership ; Alexande Bakalian, Wendy Wakeman (editors)</subfield>
  </datafield>
  <datafield tag="260" ind1=" " ind2=" ">
   <subfield code="a">Washington DC</subfield>
  </datafield>
  <datafield tag="260" ind1=" " ind2=" ">
   <subfield code="b">World Bank</subfield>
  </datafield>
  <datafield tag="260" ind1=" " ind2=" ">
   <subfield code="c">2009</subfield>
  </datafield>
  <datafield tag="520" ind1=" " ind2=" ">
   <subfield code="a">This volume reports the main findings from a multi-country research project that was designed to develop a better understanding of how rural water supply systems are performing in developing countries. The author began the research in 2004 to investigate how the provision of support to communities after the construction of a rural water supply project affected project performance in the medium term. The author collected information from households, village water committees, focus groups of village residents, system operators, and key informants in 400 rural communities in Bolivia, Ghana, and Peru; in total, the author discussed community water supply issues with approximately 10,000 individuals in these communities. To the surprise, the author found the great majority of the village water systems were performing well. The findings on the factors influencing their sustainability will be of use to policy makers, investors, and managers in rural water supply.</subfield>
  </datafield>
  <datafield tag="650" ind1=" " ind2=" ">
   <subfield code="a">Water supply,Cung cấp nước</subfield>
  </datafield>
  <datafield tag="650" ind1=" " ind2=" ">
   <subfield code="z">Developing countries,Nước đang phát triển</subfield>
  </datafield>
  <datafield tag="904" ind1=" " ind2=" ">
   <subfield code="i">Trọng Hiếu</subfield>
  </datafield>
  <datafield tag="980" ind1=" " ind2=" ">
   <subfield code="a">Trung tâm Học liệu Trường Đại học Cần Thơ</subfield>
  </datafield>
 </record>
</collection>
